D1 College Ice Hockey Logos - Statistics

General Stats
  • This quiz has been taken 231 times
  • The average score is 46 of 63
Answer Stats
Picture Hint Answer % Correct
Atlantic Hockey Air Force
97%
NCHC Arizona State
93%
Atlantic Hockey Army
93%
Hockey East Boston University
90%
ECAC Harvard
90%
Big Ten Michigan State
90%
Big Ten Notre Dame
90%
Big Ten Penn State
90%
CCHA Bowling Green
89%
Big Ten Michigan
89%
Big Ten Minnesota
89%
ECAC Brown
88%
ECAC Princeton
88%
Big Ten Ohio State
87%
Big Ten Wisconsin
87%
ECAC Cornell
86%
ECAC Dartmouth
86%
Hockey East UConn
86%
ECAC Yale
86%
Hockey East Boston College
85%
Atlantic Hockey Holy Cross
85%
NCHC Miami (Ohio)
85%
NCHC North Dakota
85%
ECAC Colgate
84%
Independent Alaska
83%
NCHC Denver
82%
Hockey East Providence
82%
Hockey East Vermont
82%
NCHC Western Michigan
82%
Hockey East Maine
81%
Hockey East UMass
80%
Independent Long Island
79%
NCHC Nebraska Omaha
78%
Hockey East Merrimack
69%
Hockey East Northeastern
69%
Hockey East UMass Lowell
68%
CCHA Ferris State
67%
NCHC Minnesota Duluth
67%
Hockey East New Hampshire
67%
Independent Alaska - Anchorage
65%
CCHA Minnesota State
65%
ECAC Quinnipiac
65%
NCHC St. Cloud State
65%
Independent Lindenwood
64%
Atlantic Hockey Mercyhurst
64%
CCHA St. Thomas
63%
Independent Stonehill
62%
Atlantic Hockey Bentley
61%
NCHC Colorado College
61%
Atlantic Hockey Robert Morris
61%
CCHA Michigan Tech
60%
Atlantic Hockey Canisius
57%
ECAC Rensselaer Polytechnic
56%
ECAC Union
54%
CCHA Lake Superior State
53%
CCHA Bemidji State
52%
Atlantic Hockey Niagara
52%
ECAC Clarkson
48%
Atlantic Hockey RIT
48%
Atlantic Hockey Sacred Heart
48%
CCHA Augustana
46%
CCHA Northern Michigan
44%
ECAC St. Lawrence
43%
No matching quizzes found
Score Distribution
Percent of People with Each Score
Percentile by Number Answered
Your Score History
You have not taken this quiz